سر سیید ہال ریویو / (Record no. 170216)

MARC details
000 -LEADER
fixed length control field 00684nam a22001937a 4500
005 - DATE AND TIME OF LATEST TRANSACTION
control field 20191212115126.0
010 ## - LCCN (DPL NO)
LC control number 842531
020 ## - INTERNATIONAL STANDARD BOOK NUMBER
Terms of availability 50.00
035 ## - SYSTEM CONTROL NUMBER
System control number 842531
037 ## - SOURCE OF ACQUISITION
Source of stock number/acquisition BPPD/Pub.
082 ## - DEWEY DECIMAL CLASSIFICATION NUMBER
Classification number 378
100 ## - MAIN ENTRY--PERSONAL NAME
Personal name حسام الدین فاروقی
245 ## - TITLE STATEMENT
Title سر سیید ہال ریویو /
Statement of responsibility, etc ایڑیڑٹر- ملک چالد حین : حسام الدین فاروقی
246 ## - VARYING FORM OF TITLE
Title proper/short title Sir Sayyed Hal Review /
Remainder of title by Hisamuddin Farooqi and Malik Khalideen
260 ## - PUBLICATION, DISTRIBUTION, ETC. (IMPRINT)
Place of publication, distribution, etc Aligarh Muslim University
Name of publisher, distributor, etc Yaadgar Sad Sala Taqribaat Yome Taasees
Date of publication, distribution, etc 1975 ء
270 ## - ADDRESS
Address Madarsat-Ul-Uloom
City Aligarh
300 ## - PHYSICAL DESCRIPTION
Extent 297p.
Dimensions 20cm(Hb)
942 ## - ADDED ENTRY ELEMENTS (KOHA)
Source of classification or shelving scheme Dewey Decimal Classification
Item type Urdu Bks
Classification part 378
Call number suffix م ل ک
Holdings
Withdrawn status Lost status Not for loan Collection code Home library Current library Date acquired Source of acquisition Full call number Barcode Copy number Koha item type
      Non-fiction Central Library Central Library 12/12/2019 BPPD/Ven. 378 م ل ک 842531 1 Urdu Bks

© Delhi Public Library
Hit Counter
free hit counter